书目信息 |
| 题名: |
形体芭蕾
|
|
| 作者: | 王昕宁 , 王惠秋 编著 | |
| 分册: | ||
| 出版信息: | 南京 江苏科学技术出版社 2003 |
|
| 页数: | 64页 | |
| 开本: | 19cm | |
| 丛书名: | 阳光女性丛书 | |
| 单 册: | ||
| 中图分类: | J722.5-49 | |
| 科图分类: | ||
| 主题词: | 芭蕾舞--基本知识--普及读物 | |
| 电子资源: | ||
| ISBN: | 7-5345-3770-3 | |
| 000 | 00819oam2 2200253 45 | |
| 001 | 002519840 | |
| 005 | 20050112092700.4 | |
| 010 | @a7-5345-3770-3@dCNY11.00 | |
| 100 | @a20031203d2003 em y0chiy0110 ea | |
| 101 | 0 | @achi |
| 102 | @aCN@b320000 | |
| 105 | @aa z 000yy | |
| 200 | 1 | @a形体芭蕾@Axing ti ba lei@f王昕宁,王惠秋编著@FWang Xin Ning,Wang Hui Qiu Bian Zhu |
| 210 | @a南京@c江苏科学技术出版社@d2003 | |
| 215 | @a64页@c照片@d19cm | |
| 225 | 2 | @a阳光女性丛书 |
| 330 | @a本书介绍了形体芭蕾的服饰与发型、芭蕾的五脚位、芭蕾的七手位、芭蕾的术语、形体芭蕾中的五要素等基本知识。 | |
| 410 | @12001 @a阳光女性丛书 | |
| 606 | 0 | @a芭蕾舞@x基本知识@x普及读物 |
| 690 | @aJ722.5-49@v4 | |
| 701 | 0 | @a王昕宁@4编著 |
| 701 | 0 | @a王惠秋@4编著 |
| 801 | 0 | @aCN@bNLC@c20040527 |
| 905 | @b341976-980@dJ722.5-49@e48@f5 | |
| 形体芭蕾/王昕宁,王惠秋编著.-南京:江苏科学技术出版社,2003 |
| 64页:照片;19cm.-(阳光女性丛书) |
| ISBN 7-5345-3770-3:CNY11.00 |
| 本书介绍了形体芭蕾的服饰与发型、芭蕾的五脚位、芭蕾的七手位、芭蕾的术语、形体芭蕾中的五要素等基本知识。 |
| ● |
| 相关链接 |
|
|
|
|
正题名:形体芭蕾
索取号:J722.5-49/48
 
预约/预借
| 序号 | 登录号 | 条形码 | 馆藏地/架位号 | 状态 | 备注 |
| 1 | 0341976 | 203419764 | 第一样本阅览室/ [索取号:J722.5-49/48] | 在馆 | |
| 2 | 0341977 | 203419773 | 第一借阅区/ [索取号:J722.5-49/48] | 在馆 | |
| 3 | 0341978 | 203419782 | 第一借阅区/ [索取号:J722.5-49/48] | 在馆 | |
| 4 | 0341979 | 203419791 | 第一借阅区/ [索取号:J722.5-49/48] | 在馆 | |
| 5 | 0341980 | 203419808 | 第一借阅区/ [索取号:J722.5-49/48] | 在馆 |